[Event "Bern op"]
[Site "Bern"]
[Date "1995.??.??"]
[Round "3"]
[White "Begovac, Franja"]
[Black "Ye Jiangchuan"]
[Result "1/2-1/2"]
[WhiteElo "2425"]
[BlackElo "2575"]

1.d4 Nf6 2.c4 g6 3.Nc3 Bg7 4.e4 d6 5.f3 O-O 6.Bg5 Nc6 7.Nge2 a6 8.Qd2 Rb8
9.Rc1 Bd7 10.b3 b5 11.d5 Na7 12.Ng3 c6 13.dxc6 Bxc6 14.Nd5 e6 15.Nb4 Bd7
16.Be3 Nc6 17.Nxc6 Bxc6 18.cxb5 Bxb5 19.Bxb5 axb5 20.O-O Ra8 21.Rfd1 d5 22.e5 Nd7
23.f4 f6 24.exf6 Nxf6 25.Bd4 Qd7 26.Qe2 Ne8 27.Bxg7 Nxg7 28.Qe5 Rfc8 29.h4 h5
30.Kh2 Rxa2 31.Ne4 Qd8 32.Nf6+ Kf7 33.Rxc8 Qxc8 34.Nh7  1/2-1/2

[Event "Bern op"]
[Site "Bern"]
[Date "1995.??.??"]
[Round "4"]
[White "Ye Jiangchuan"]
[Black "Matamoros Franco, Carlos S"]
[Result "1/2-1/2"]
[WhiteElo "2575"]
[BlackElo "2430"]

1.e4 e6 2.d3 d5 3.Nd2 Nf6 4.Ngf3 c5 5.g3 Nc6 6.Bg2 Be7 7.O-O O-O 8.Re1 b5
9.e5 Nd7 10.Nf1 a5 11.h4 b4 12.Bf4 Ba6 13.N1h2 a4 14.Ng5 Qe8 15.c4 Nb6 16.cxd5 Nxd5
17.Be4 g6 18.Bxd5 exd5 19.Ng4 Nd4 20.Nf3 Qb5 21.Nxd4 cxd4 22.Bg5 Bxg5 23.hxg5 Qxd3
24.Nh6+ Kg7 25.Qc1 Qf3 26.Qd2 Bd3 27.e6 Be4 28.Rxe4 dxe4 29.Qxd4+ f6 30.e7 Rfe8
31.Re1 Rac8 32.gxf6+  1/2-1/2

[Event "Bern op"]
[Site "Bern"]
[Date "1995.??.??"]
[Round "7"]
[White "Zimmermann, Peter"]
[Black "Ye Jiangchuan"]
[Result "0-1"]
[WhiteElo "2105"]
[BlackElo "2575"]

1.e4 c5 2.d4 cxd4 3.c3 Nf6 4.e5 Nd5 5.Nf3 Nc6 6.cxd4 d6 7.Bc4 Nb6 8.Bb5 dxe5
9.Nxe5 Bd7 10.Bxc6 Bxc6 11.Nxc6 bxc6 12.Nc3 g6 13.O-O Bg7 14.Be3 O-O 15.Qd3 a5
16.Rfd1 a4 17.Rac1 Qd7 18.h3 Rfd8 19.Qc2 Qb7 20.Ne4 Nd5 21.Nc5 Qb5 22.a3 Nxe3
23.fxe3 e5 24.dxe5 Rxd1+ 25.Rxd1 Bxe5 26.Rd2 Bxb2 27.Qxb2 Qxc5 28.Rd4 h5
29.Kh1 Re8 30.e4 Qe5 31.Qb6 c5 32.Rd5 Qxe4 33.Qxc5 Qe1+ 34.Kh2 h4 35.Rd3 Qb1
36.Re3 Qb8+ 37.Kh1 Rc8 38.Qe7 Qf4 39.Re1 Rc3 40.Rd1 Rxh3+ 41.gxh3 Qf3+ 42.Kg1 Qg3+
43.Kh1 Qxh3+ 44.Kg1 Qg3+  0-1

[Event "Bern op"]
[Site "Bern"]
[Date "1995.??.??"]
[Round "9"]
[White "Hamzabegovic, Mersudin"]
[Black "Ye Jiangchuan"]
[Result "0-1"]
[WhiteElo "2065"]
[BlackElo "2575"]

1.d4 Nf6 2.c4 g6 3.Nf3 Bg7 4.g3 O-O 5.Bg2 d6 6.Nc3 Nbd7 7.O-O e5 8.e4 c6
9.h3 exd4 10.Nxd4 Re8 11.Re1 Nc5 12.Rb1 a5 13.b3 h6 14.Rb2 Bd7 15.Rd2 Qb6
16.Ba3 Rad8 17.Re3 h5 18.Bxc5 Qxc5 19.Red3 Bc8 20.Kh2 h4 21.g4 Qg5 22.Nce2 Nxe4
23.f4 Qc5 24.Bxe4 Rxe4 25.Rf3 Rde8 26.Nc2 d5 27.cxd5 cxd5 28.Ne1 b6 29.Ng2 Ba6
30.Ng1 d4 31.Rff2 d3 32.Nf3 Bc3 33.Nfxh4 Bxd2 34.Qxd2 Re2 35.Rxe2 Rxe2 36.Qd1 Qf2
37.Qa1 Qxh4 38.Qd4 Qf2  0-1

[Event "Lee Cup"]
[Site "Beijing"]
[Date "1996.??.??"]
[Round "1"]
[White "Ye Jiangchuan"]
[Black "Xia Yu"]
[Result "1/2-1/2"]
[WhiteElo "2540"]
[BlackElo "2355"]

1.e4 e6 2.d4 d5 3.Nd2 Nf6 4.e5 Nfd7 5.c3 c5 6.Bd3 Nc6 7.Ne2 cxd4 8.cxd4 f6
9.exf6 Nxf6 10.O-O Bd6 11.Nf3 O-O 12.Bg5 Qc7 13.Nc3 a6 14.Bh4 Bd7 15.Re1 Rae8
16.Rc1 Bf4 17.Bg3 Nh5 18.Bxf4 Nxf4 19.Bf1 Qd6 20.Rc2 Ng6 21.Rd2 Nge7 22.g3 Nf5
23.Bg2 Qb4 24.a3 Qd6 25.Ne2 Na5 26.Nf4 Nc4 27.Rde2 Qb6 28.h4 Nxb2 29.Qb1 Nc4
30.Qxb6 Nxb6 31.Nxe6 Bxe6 32.Rxe6 Rxe6 33.Rxe6 Rf6 34.Re5 g6 35.g4 Nd6 36.g5 Rf4
37.Re6 Nbc4 38.Re7 Rf7 39.Re6 Rf4 40.Re7 Rf7 41.Re6 Rf4  1/2-1/2

[Event "Lee Cup"]
[Site "Beijing"]
[Date "1996.??.??"]
[Round "2"]
[White "Wang Yaoyao"]
[Black "Ye Jiangchuan"]
[Result "1/2-1/2"]
[WhiteElo "2410"]
[BlackElo "2540"]

1.d4 Nf6 2.c4 g6 3.Nc3 Bg7 4.e4 d6 5.f3 O-O 6.Nge2 c5 7.d5 e6 8.dxe6 fxe6
9.Be3 Nc6 10.Qd2 e5 11.Nd5 Nxd5 12.cxd5 Nd4 13.Nxd4 cxd4 14.Bg5 Bf6 15.Bxf6 Qxf6
16.Rc1 Bd7 17.Bd3 Qh4+ 18.Qf2 Qf4 19.Qd2 Qh4+ 20.Qf2 Qd8 21.O-O Qa5 22.Qe1 Qxe1
23.Rfxe1 Rac8 24.Kf2 Kf7 25.Ke2 Ke7 26.Kd2 g5 27.Rxc8 Bxc8 28.Rc1 Kd8 29.Rf1 Bd7
30.Ke2 h5 31.Kd2 a5 32.Ke2 b5 33.Kd2 Kc7 34.Be2 Kb6 35.Bd3 a4 36.Be2 h4 37.h3 Rc8
38.Rb1 Ka5 39.Bd3 Kb4 40.Be2 Rc5 41.Bd3 Ka5 42.Be2 b4 43.Rc1 b3 44.axb3 axb3
45.Ra1+ Ba4 46.Bd3 Kb4 47.Rg1 Bb5 48.Re1 Bc4 49.Re2 Ra5 50.Bxc4 Kxc4 51.Re1 Rc5
52.Rd1 Kb4 53.Kd3 Rc2 54.Rd2 Rc1 55.Re2 Kb5 56.Kd2 Rc5 57.Kd3 Kb6 58.Rf2 Kc7
59.Re2 Kd7 60.Rd2 Ke7 61.Re2 Kf6 62.Rf2 Kg6 63.Rd2 Rc1 64.Rf2 Rc5 65.Re2 Rc8
66.Rf2 Rc1 67.Rd2 g4 68.fxg4 Rf1 69.Ke2 Rf4 70.Kd3 Kg5 71.Rd1 Rf2 72.Rd2 Rf1
73.Ke2 Rc1 74.Kd3 Re1 75.Rf2 Re3+ 76.Kd2 Rg3 77.Rf5+ Kg6 78.Rf2  1/2-1/2

[Event "Lee Cup"]
[Site "Beijing"]
[Date "1996.??.??"]
[Round "3"]
[White "Ye Jiangchuan"]
[Black "Wang Pin"]
[Result "1/2-1/2"]
[WhiteElo "2540"]
[BlackElo "2345"]

1.Nf3 Nf6 2.c4 g6 3.Nc3 Bg7 4.d4 O-O 5.e4 d6 6.Be2 e5 7.O-O Nc6 8.d5 Ne7
9.b4 Nh5 10.Re1 f5 11.Ng5 Nf6 12.f3 c6 13.b5 c5 14.exf5 Nxf5 15.Bd3 Nd4 16.Be3 Nh5
17.Nge4 Nf4 18.Bf1 h5 19.a4 g5 20.Ra2 g4 21.fxg4 Bxg4 22.Qb1 h4 23.h3 Bf5
24.Rf2 Rf7 25.Qd1 Bh6 26.Kh1 Qf8 27.Bd3 Rd8 28.Ref1 Qg7 29.Bb1 Qg6 30.Qe1 Rdf8
31.a5 Nh5 32.Bxh6 Qxh6 33.Kh2 Bxe4 34.Nxe4 Rf4 35.Rxf4 Rxf4 36.Bd3 Nf5 37.Kg1 Nhg3
38.Rxf4 Qxf4 39.Qd2 Ne3 40.Nxd6 e4 41.Be2 Qf6 42.Ne8 Qf4 43.d6 Ngf1 44.Bxf1 Qxf1+
45.Kh2  1/2-1/2

[Event "Lee Cup"]
[Site "Beijing"]
[Date "1996.??.??"]
[Round "5"]
[White "Ye Jiangchuan"]
[Black "Zhang Zhong"]
[Result "0-1"]
[WhiteElo "2540"]
[BlackElo "2425"]

1.e4 e6 2.d4 d5 3.Nd2 Nf6 4.e5 Nfd7 5.c3 c5 6.Bd3 b6 7.Nh3 Ba6 8.Bxa6 Nxa6
9.O-O Nc7 10.Nf4 Be7 11.Qg4 g6 12.Nf3 h5 13.Qg3 c4 14.a4 Nb8 15.b3 cxb3 16.Nd2 Nc6
17.Nxb3 Rc8 18.Qh3 Kf8 19.g4 Kg8 20.gxh5 Bg5 21.Qd3 Bxf4 22.Bxf4 Rxh5 23.Rac1 Ne7
24.c4 dxc4 25.Rxc4 Ncd5 26.Bg3 Rxc4 27.Qxc4 Nf5 28.Qc1 Kg7 29.Re1 Qa8 30.Qc2 Rh8
31.Rc1 Nde7 32.Qd3 Rc8 33.Rxc8 Qxc8 34.Bf4 Qc6 35.Bg5 Nd5 36.a5 Qc3 37.Qxc3 Nxc3
38.axb6 axb6 39.Kf1 Kf8 40.Bd2 Nd5 41.Ke2 Ke7 42.Kd3 Kd7 43.Bg5 Kc6 44.Nd2 b5
45.Ne4 b4 46.Bc1 Nb6 47.Bd2 b3 48.Kc3 Nd5+ 49.Kxb3 Nxd4+ 50.Kc4 Nf3 51.Bc3 Nxc3
52.Nxc3 Nxe5+ 53.Kd4 Ng4 54.f3 Nxh2 55.Ke5 Nxf3+ 56.Kf6 g5 57.Kxf7 Kd6 58.Kf6 g4
59.Ne4+ Kd5 60.Ng3 Nd2 61.Ne2 Ne4+ 62.Kg6 g3 63.Kh5 Kc4 64.Nf4 e5 65.Ng2 Kd3
66.Kg4 Ke2 67.Nh4 Kf2  0-1

[Event "Lee Cup"]
[Site "Beijing"]
[Date "1996.??.??"]
[Round "9"]
[White "Xie Jianjun"]
[Black "Ye Jiangchuan"]
[Result "0-1"]
[WhiteElo "2415"]
[BlackElo "2540"]

1.e4 d6 2.d4 Nf6 3.Nc3 g6 4.Nf3 Bg7 5.h3 O-O 6.Be3 c6 7.a4 Qc7 8.Be2 Nbd7
9.O-O b6 10.Qd2 Bb7 11.Bh6 a6 12.Rfe1 Rad8 13.Qg5 e5 14.dxe5 dxe5 15.Bc4 b5
16.Bb3 b4 17.Nb1 Nc5 18.Nbd2 Nxb3 19.cxb3 Nh5 20.Bxg7 Kxg7 21.Nc4 f6 22.Qe3 Nf4
23.Red1 c5 24.Rac1 Rfe8 25.Rd2 Ne6 26.Rxd8 Rxd8 27.Ncd2 Rd7 28.Qe2 Qd8 29.Qc4 Rd6
30.Qc2 a5 31.Nc4 Rd3 32.Re1 Nf4 33.Ncd2 Rd7 34.Re3 Ba6 35.Kh2 Qc7 36.Nc4 h5
37.Nh4 Kh7 38.Rg3 Qd8 39.Re3 Rd4 40.Nf3 Bxc4 41.bxc4 Rd1 42.g3 Ne6 43.Re1 Rd6
44.h4 Qd7 45.b3 Nd4 46.Nxd4 Rxd4 47.Qe2 Rd3 48.Kg2 Kg7 49.Rb1 Qd4 50.Rb2 Kf7
51.Rc2 Kg7 52.Rb2 Kh6 53.Rb1 f5 54.exf5 gxf5 55.Rb2 Kg6 56.Kg1 e4 57.Kg2 Qc3
58.Kh2 Qc1 59.Rc2 Qd1 60.Qxd1 Rxd1 61.Re2 Kf6 62.Kg2 Ke5 63.f3 Rd3 64.fxe4 fxe4
65.Rb2 Kd4 66.Rb1 Rd2+ 67.Kh3 e3 68.g4 e2  0-1

[Event "Lee Cup"]
[Site "Beijing"]
[Date "1996.??.??"]
[Round "10"]
[White "Ye Jiangchuan"]
[Black "Rausis, Igors"]
[Result "1/2-1/2"]
[WhiteElo "2540"]
[BlackElo "2495"]

1.e4 e5 2.Nf3 Nc6 3.Bb5 Nf6 4.O-O Nxe4 5.d4 Nd6 6.Bxc6 dxc6 7.dxe5 Nf5 8.Qxd8+ Kxd8
9.Rd1+ Ke8 10.Nc3 Ne7 11.Nd4 Ng6 12.f4 Bc5 13.Be3 Bxd4 14.Rxd4 Bf5 15.Rc1 b6
16.b4 Ne7 17.Bf2 Rd8 18.Rxd8+ Kxd8 19.Bh4 Ke8 20.Ne2 Ng6 21.Bg3 h5 22.Nd4 Bd7
23.f5 c5 24.bxc5 bxc5 25.e6 fxe6 26.Nxe6 Bxe6 27.Re1 Nf8 28.fxe6 Rh6 29.Bxc7 Rxe6
30.Rxe6+ Nxe6 31.Bb8 Kd7 32.Kf2 Kc6 33.Ke3 a5 34.c4 a4 35.Be5 g6 36.Ke4 Ng5+
37.Kf4 Ne6+ 38.Ke4 Ng5+ 39.Ke3 Ne6 40.Bf6 Kd6 41.Ke4 Nf8 42.Bg5 Nd7 43.Bf4+ Ke6
44.Bc7 Nf6+ 45.Kf4 Nd7 46.h3 Kf6 47.Ke4 Ke6 48.Kf4 Kf6  1/2-1/2

[Event "Lee Cup"]
[Site "Beijing"]
[Date "1996.??.??"]
[Round "11"]
[White "Zhang Weida"]
[Black "Ye Jiangchuan"]
[Result "0-1"]
[WhiteElo "2290"]
[BlackElo "2540"]

1.Nf3 c5 2.c4 Nc6 3.b3 e5 4.Bb2 d6 5.d3 f5 6.e3 Nf6 7.Be2 g6 8.a3 a5 9.Nbd2 Bg7
10.Qc2 O-O 11.h3 Qe7 12.O-O-O a4 13.bxa4 Bd7 14.Nb1 Bh6 15.g4 fxg4 16.hxg4 Nxg4
17.Nc3 Qg7 18.Nd5 Nxf2 19.Rxh6 Qxh6 20.Rf1 Ng4 21.Qd2 Rf7 22.Qe1 Nxe3 23.Rh1 Qf8
24.Nxe3 Rxf3 25.Bxf3 Qxf3 26.Rf1 Qh5 27.Qf2 Bf5 28.Qg2 Qh3 29.Qd5+ Be6 30.Qe4 Rf8
31.Rxf8+ Kxf8 32.Bc3 Nd4 33.Bxd4 cxd4 34.Nc2 Qf1+ 35.Kb2 Qf7 36.c5 Bf5 37.Qe2 Qc7
38.cxd6 Qxd6 39.Nb4 Qc5 40.Qf3 Qc3+ 41.Ka2 Qc7 42.a5 Kg7 43.Kb1 h5 44.Qg3 Qxa5
45.Kc2 Qc5+ 46.Kb1 e4 47.Qb8 exd3  0-1

[Event "Koop Tjuchem op"]
[Site "Groningen"]
[Date "1996.??.??"]
[Round "2"]
[White "Ye Jiangchuan"]
[Black "Holzke, Frank"]
[Result "1-0"]
[WhiteElo "2540"]
[BlackElo "2375"]

1.e4 e6 2.d4 d5 3.Nd2 Nf6 4.e5 Nfd7 5.c3 c5 6.Bd3 Nc6 7.Ne2 Qb6 8.Nf3 cxd4
9.cxd4 f6 10.exf6 Nxf6 11.O-O Bd6 12.Nc3 Bd7 13.a3 Nxd4 14.Nxd4 Qxd4 15.Nb5 Qe5
16.f4 Bc5+ 17.Kh1 Qb8 18.b4 a6 19.bxc5 axb5 20.Qe2 O-O 21.Bxb5 Qc7 22.Be3 Bxb5
23.Qxb5 Ra5 24.Qb4 Rfa8 25.Rfb1 Ne4 26.Rc1 Qc6 27.Bd4 Rb5 28.Qe1 Rb3 29.Qh4 Qd7
30.Qh5 Rbxa3 31.Rxa3 Rxa3 32.Qe5 Ra8 33.g3 Rc8 34.Kg2 h6 35.h4 Kh7 36.g4 Rc6
37.h5 b6 38.g5 bxc5 39.g6+ Kg8 40.Bb2 c4 41.Bd4 Nd6 42.Ra1 Nc8 43.Ra8 Qe7
44.Kf3 Qd7 45.Ke2 Kh8 46.Kd2 Kg8 47.Kc3 Kh8 48.Rb8 Rc7 49.f5 exf5 50.Bb6 d4+
51.Qxd4 Qe7 52.Bxc7 Qxc7 53.Qd6 Qa5+ 54.Kb2 c3+ 55.Kb3 Qd5+ 56.Qxd5  1-0

[Event "Koop Tjuchem op"]
[Site "Groningen"]
[Date "1996.??.??"]
[Round "3"]
[White "Skomorokhin, Roman"]
[Black "Ye Jiangchuan"]
[Result "0-1"]
[WhiteElo "2450"]
[BlackElo "2540"]

1.d4 Nf6 2.c4 g6 3.g3 Bg7 4.Bg2 d5 5.cxd5 Nxd5 6.Nf3 O-O 7.O-O Nb6 8.Nc3 Nc6
9.e3 Re8 10.Ne1 e5 11.d5 Na5 12.e4 c6 13.a4 cxd5 14.exd5 Bf5 15.Ra2 Rc8 16.g4 Bd7
17.Nc2 Nb3 18.Be3 Nc4 19.h3 Nxb2 20.Qb1 Rxc3 21.Qxb2 e4 22.Qb1 h5 23.Ra3 hxg4
24.hxg4 Nd4 25.Bxd4 Bxd4 26.Rxc3 Bxc3 27.Ne3 b6 28.Bxe4 Qh4 29.Qd3 Be5 30.Re1 Bxa4
31.Kf1 Bd7 32.Bg2 Bd6 33.Qa6 Qf6 34.Kg1 Qf4 35.Rb1 Rxe3 36.fxe3 Qxe3+ 37.Kf1 Bc5  0-1

[Event "Koop Tjuchem op"]
[Site "Groningen"]
[Date "1996.??.??"]
[Round "4"]
[White "Ye Jiangchuan"]
[Black "Yermolinsky, Alex"]
[Result "1/2-1/2"]
[WhiteElo "2540"]
[BlackElo "2610"]

1.e4 Nf6 2.e5 Nd5 3.d4 d6 4.Nf3 Bg4 5.Be2 e6 6.O-O Be7 7.c4 Nb6 8.Nc3 O-O
9.Be3 a5 10.exd6 cxd6 11.Qb3 N8d7 12.h3 Bh5 13.Qb5 Bg6 14.c5 Nc8 15.Rac1  1/2-1/2

[Event "Koop Tjuchem op"]
[Site "Groningen"]
[Date "1996.??.??"]
[Round "7"]
[White "Finkel, Alexander"]
[Black "Ye Jiangchuan"]
[Result "0-1"]
[WhiteElo "2505"]
[BlackElo "2540"]

1.e4 c5 2.c3 d5 3.exd5 Qxd5 4.d4 Nf6 5.Nf3 Bg4 6.Be2 e6 7.h3 Bh5 8.Be3 cxd4
9.cxd4 Bb4+ 10.Nc3 Nc6 11.O-O Qa5 12.Qb3 O-O 13.Rfd1 Rfd8 14.a3 Bxc3 15.bxc3 Nd5
16.Bd2 Qc7 17.Rac1 Na5 18.Qa4 Bxf3 19.Bxf3 Nc4 20.Qb3 Rd6 21.Be2 Rc6 22.Be1 Rc8
23.Rb1 b6 24.Rbc1 h6 25.Bf3 Qd6 26.a4 a6 27.g3 Na5 28.Qb2 Nc4 29.Qb3 Qd7
30.Be2 R6c7 31.Qa2 Qe7 32.Ra1 Qf6 33.Rd3 Qg6 34.Kh2 Nd6 35.Qb3 Qe4 36.Bf1 Qf5
37.Kg2 Nc4 38.Rf3 Qg5 39.Rd1 Qe7 40.Ra1 Rc6 41.Bd3 Qc7 42.Qb1 Rb8 43.Qa2 Rc8
44.Qe2 Qd8 45.Rb1 Qg5 46.Kh2 R8c7 47.Qe4 g6 48.h4 Qe7 49.Qe2 h5 50.Qa2 Rc8
51.Be4 R6c7 52.Qe2 Qd7 53.Ra1 a5 54.Qa2 b5 55.axb5 Qxb5 56.Rb1 Qc6 57.Rc1 a4
58.Bd2 Rb7 59.Rc2 Nd6 60.Bxd5 Qxd5 61.Qxd5 exd5 62.Rf6 Nc4 63.Ra6 a3 64.Bc1 Rb2  0-1

[Event "Koop Tjuchem op"]
[Site "Groningen"]
[Date "1996.??.??"]
[Round "8"]
[White "Ye Jiangchuan"]
[Black "Schlosser, Philipp"]
[Result "1-0"]
[WhiteElo "2540"]
[BlackElo "2560"]

1.e4 c6 2.d4 d5 3.Nd2 dxe4 4.Nxe4 Nd7 5.Ng5 Ngf6 6.Bd3 e6 7.N1f3 Bd6 8.Qe2 h6
9.Ne4 Nxe4 10.Qxe4 Nf6 11.Qe2 Qc7 12.Bd2 b6 13.O-O-O Bb7 14.Ne5 c5 15.Bb5+ Ke7
16.dxc5 Qxc5 17.a3 Qc7 18.Bf4 Rhd8 19.Rd4 Kf8 20.Kb1 a6 21.Rxd6 Rxd6 22.Nc4 e5
23.Qxe5 axb5 24.Qxd6+ Qxd6 25.Nxd6 Bxg2 26.Rg1 Bh3 27.Nxb5 g5 28.Bc7 Ne4
29.Re1 Nxf2 30.Bxb6 Ng4 31.Nd6 f5 32.Nxf5 Nxh2 33.Bc5+ Kf7 34.Nxh6+ Kg6 35.Rh1 Kxh6
36.Rxh2 g4 37.Rd2 Kg5 38.Rd5+ Kf4 39.Rd3 Bg2 40.Bd6+ Kf5 41.Bg3 Rc8 42.Rd7 Ke4
43.b3 Ke3 44.Kb2 Be4 45.Rc7 Rf8 46.Rg7 Bf5 47.a4 Kd2 48.Rc7  1-0

[Event "Koop Tjuchem op"]
[Site "Groningen"]
[Date "1996.??.??"]
[Round "11"]
[White "Tseitlin, Mark D"]
[Black "Ye Jiangchuan"]
[Result "1-0"]
[WhiteElo "2540"]
[BlackElo "2540"]

1.e4 c5 2.Nf3 e6 3.Nc3 a6 4.g3 Nc6 5.Bg2 d6 6.d4 cxd4 7.Nxd4 Bd7 8.O-O Be7
9.Re1 Rc8 10.Nxc6 Bxc6 11.a4 Nf6 12.a5 O-O 13.Be3 Nd7 14.Na4 Qc7 15.Nb6 Nxb6
16.Bxb6 Qd7 17.c4 f5 18.b3 Bd8 19.Bxd8 Rcxd8 20.exf5 Rxf5 21.Bh3 Rf6 22.Qd4 Qf7
23.Ra2 Bf3 24.Qb6 Rd7 25.Qe3 Re7 26.Rd2 Qh5 27.Bf1 e5 28.h3 Bc6 29.b4 Rf3
30.Qe2 e4 31.Bg2 e3 32.fxe3 Ref7 33.e4 Qg5 34.Bxf3 Rxf3 35.Qxf3 Qxd2 36.Rf1 h6
37.b5 axb5 38.cxb5 Qd4+ 39.Qf2 Qxf2+ 40.Kxf2 Bxb5 41.Rd1  1-0

[Event "Jakarta"]
[Site "Jakarta"]
[Date "1996.??.??"]
[Round "?"]
[White "Tkachiev, Vladislav"]
[Black "Ye Jiangchuan"]
[Result "1/2-1/2"]
[WhiteElo "2620"]
[BlackElo "2540"]

1.d4 Nf6 2.c4 g6 3.Nc3 Bg7 4.e4 d6 5.Be2 O-O 6.Be3 e5 7.d5 Na6 8.Nf3 Ng4
9.Bg5 f6 10.Bh4 Nh6 11.Nd2 c5 12.a3 Qd7 13.Rb1 f5 14.f3 Bf6 15.Bxf6 Rxf6
16.Bd3 Qe7 17.Qe2 Rf7 18.b4 Bd7 19.Bc2  1/2-1/2

[Event "Jakarta"]
[Site "Jakarta"]
[Date "1996.??.??"]
[Round "?"]
[White "Gunawan, Ronny"]
[Black "Ye Jiangchuan"]
[Result "1/2-1/2"]
[WhiteElo "2425"]
[BlackElo "2540"]

1.e4 c5 2.Nf3 Nc6 3.Bb5 g6 4.O-O Bg7 5.Re1 Nf6 6.Nc3 O-O 7.e5 Ne8 8.Bxc6 dxc6
9.h3 Nc7 10.d3 Ne6 11.a4 a5 12.Ne4 b6 13.Ned2 f5 14.exf6 exf6 15.Nc4 Re8
16.Bd2 Ba6 17.Bc3 Ra7 18.Qb1 Bxc4 19.dxc4 Rae7 20.Qd1 Qc7 21.Qd2 Rd8 22.Qe3 Rdd7
23.Qc1 h5 24.h4 Qd8 25.Re3 Kf7 26.Qf1 Bh6  1/2-1/2

[Event "Jakarta"]
[Site "Jakarta"]
[Date "1996.??.??"]
[Round "?"]
[White "Ye Jiangchuan"]
[Black "Situru, Nathanael"]
[Result "1-0"]
[WhiteElo "2540"]
[BlackElo "2385"]

1.e4 c5 2.Nf3 e6 3.d4 cxd4 4.Nxd4 Nf6 5.Nc3 d6 6.Be3 a6 7.Qd2 Ng4 8.Bg5 Qc7
9.O-O-O h6 10.Bh4 g5 11.Bg3 Nd7 12.h4 Rg8 13.hxg5 hxg5 14.Nf3 Qc5 15.e5 d5
16.Nxg5 Be7 17.Nf3 b5 18.Kb1 Nb6 19.Rh7 b4 20.Ne2 Nxf2 21.Bxf2 Qxf2 22.Qf4 Rf8
23.Ned4 Bc5 24.Rh1 Bxd4 25.Rxd4 Nc4 26.Bd3 Rg8 27.g4 Bb7 28.Rf1 Qe3 29.Rxc4 dxc4
30.Qxe3 cxd3 31.Ng5 dxc2+ 32.Kxc2 Bd5 33.Nh7  1-0

[Event "Jakarta"]
[Site "Jakarta"]
[Date "1996.??.??"]
[Round "?"]
[White "Ye Jiangchuan"]
[Black "Mahmud, Syarif"]
[Result "1/2-1/2"]
[WhiteElo "2540"]
[BlackElo "2365"]

1.e4 Nf6 2.e5 Nd5 3.d4 d6 4.Nf3 Bg4 5.Be2 e6 6.O-O Be7 7.c4 Nb6 8.Nc3 O-O
9.h3 Bh5 10.exd6 cxd6 11.Be3 Nc6 12.b3 a5 13.d5 exd5 14.cxd5 Nb4 15.a3 Bf6
16.Bxb6 Qxb6 17.Na4 Qd8 18.axb4 Bxa1 19.Qxa1 b5 20.Nb2 axb4 21.Qd1 Qf6 22.Nd3 Qc3
23.Nf4 Bxf3 24.Bxf3 Ra6  1/2-1/2

[Event "Jakarta"]
[Site "Jakarta"]
[Date "1996.??.??"]
[Round "?"]
[White "Ye Jiangchuan"]
[Black "Barus, Cerdas"]
[Result "1/2-1/2"]
[WhiteElo "2540"]
[BlackElo "2410"]

1.e4 c6 2.d4 d5 3.e5 Bf5 4.Nf3 e6 5.Be2 Ne7 6.O-O Bg6 7.Nbd2 c5 8.c4 cxd4
9.Nxd4 Nec6 10.N2f3 dxc4 11.Bxc4 Be7 12.Be3 O-O 13.a3 a6 14.Rc1 Qe8 15.Ba2 Kh8
16.Re1 Nxd4 17.Qxd4 Nc6 18.Qg4 Rc8 19.h4 h6 20.h5 Bh7 21.Bb6 Nb8 22.Nd4 Nd7
23.Bc7 Nc5 24.Bd6 Qd7 25.Rcd1 Bxd6 26.exd6 e5 27.Qxd7 Nxd7 28.Nf3 f6 29.Be6 Rfd8
30.Rc1 Rc6 31.Rxc6 bxc6 32.Rd1 Be4 33.Nh4 Nf8 34.Bc4 a5 35.f3 Bc2 36.Rd2 Bb1
37.Bf7 g5 38.hxg6 Kg7 39.b4 axb4 40.axb4 Nxg6 41.Bxg6 Bxg6 42.d7 Bh7 43.Rd6 Kf7
44.g4 Ke7 45.Rxc6 Rxd7 46.b5 Bd3 47.b6 Bb1 48.Rc1 Bh7 49.Kf2 Kd6 50.Rc8 Rb7
51.Rf8 Ke6 52.Rh8 Bb1 53.Rxh6  1/2-1/2

[Event "Jakarta"]
[Site "Jakarta"]
[Date "1996.??.??"]
[Round "?"]
[White "Ye Jiangchuan"]
[Black "Ardiansyah, Haji"]
[Result "1-0"]
[WhiteElo "2540"]
[BlackElo "2430"]

1.e4 c5 2.Nf3 d6 3.d4 cxd4 4.Nxd4 Nf6 5.Nc3 a6 6.Be3 e5 7.Nb3 Be7 8.f3 Be6
9.Qd2 Nbd7 10.g4 Rc8 11.O-O-O Qc7 12.Kb1 b5 13.g5 Nh5 14.Nd5 Bxd5 15.exd5 Nb6
16.Na5 O-O 17.Bh3 Rce8 18.Bg4 Nf4 19.Bxf4 exf4 20.Qxf4 Nxd5 21.Rxd5 Qxa5
22.Bd7 Rd8 23.Bf5 g6 24.Be4 Rfe8 25.Rhd1 Bf8 26.Qe3 Rc8 27.h4 Qc7 28.Qd2 b4
29.Qxb4 Rb8 30.Qa5 Rb6 31.R1d3 Bg7 32.Rb3 Qc4 33.Rd1 Rbb8 34.Qd5 Qc7 35.h5 gxh5
36.g6 hxg6 37.Bxg6 a5 38.a4 Rxb3 39.cxb3 Re5 40.Qa8+ Bf8 41.f4 Rc5 42.Bf5  1-0

[Event "Jakarta"]
[Site "Jakarta"]
[Date "1996.??.??"]
[Round "?"]
[White "Ye Jiangchuan"]
[Black "Adianto, Utut"]
[Result "0-1"]
[WhiteElo "2540"]
[BlackElo "2605"]

1.e4 c6 2.d4 d5 3.e5 Bf5 4.Nf3 e6 5.Be2 c5 6.Be3 Nd7 7.O-O Ne7 8.c4 dxc4
9.Na3 Nd5 10.Nxc4 b5 11.Bg5 Qb8 12.Ne3 h6 13.Bh4 Nxe3 14.fxe3 a6 15.Nd2 Qb6
16.Bf3 Rc8 17.Ne4 cxd4 18.Rc1 Rc4 19.Rxc4 bxc4 20.exd4 Be7 21.Bxe7 Kxe7 22.Rf2 Rd8
23.Nd6 Bd3 24.Bc6 Qxd4 25.Bxd7 Rxd7 26.Nxf7 Qe3 27.Nd6 Qxe5 28.Nc8+ Kd8 29.Nb6 Rd4
30.Qd2 Re4 31.Rf8+ Kc7 32.Na8+ Kd7 33.Nb6+ Kc6 34.Rc8+ Kb7 35.Rb8+ Qxb8 36.Qb4 Qa7
37.Qe7+ Kxb6  0-1

[Event "POR-CHN m"]
[Site "?"]
[Date "1996.??.??"]
[Round "1"]
[White "Ye Jiangchuan"]
[Black "Silva, Fernando"]
[Result "1-0"]
[WhiteElo "2560"]
[BlackElo "2365"]

1.e4 c5 2.Nf3 Nc6 3.d4 cxd4 4.Nxd4 g6 5.c4 Bg7 6.Be3 Nf6 7.Nc3 Ng4 8.Qxg4 Nxd4
9.Qd1 Ne6 10.Rc1 Qa5 11.Bd3 b6 12.O-O Bb7 13.a3 g5 14.Nb5 Bxb2 15.Rb1 Be5
16.Bd2 Qa6 17.Bxg5 Bc6 18.Be3 Bxb5 19.Rxb5 Bd4 20.Bxd4 Nxd4 21.Rd5 Ne6 22.c5 b5
23.Qb3 Nc7 24.Rg5 Qe6 25.Qc3 O-O-O 26.Rb1 Rhg8 27.Rxg8 Rxg8 28.g3 Qa2 29.Ra1 Qe6
30.a4 bxa4 31.Rxa4 Rg5 32.Rxa7 f6 33.Qa5 Qc6 34.Ba6+ Nxa6 35.Rxa6 Qxc5 36.Ra8+  1-0

[Event "POR-CHN m"]
[Site "?"]
[Date "1996.??.??"]
[Round "3"]
[White "Ye Jiangchuan"]
[Black "Damaso, Rui"]
[Result "0-1"]
[WhiteElo "2560"]
[BlackElo "2415"]

1.e4 d5 2.exd5 Nf6 3.d4 Bg4 4.Be2 Bxe2 5.Qxe2 Qxd5 6.Nf3 e6 7.O-O Bd6 8.c4 Qh5
9.Nc3 Nc6 10.h3 O-O-O 11.Be3 g5 12.Nxg5 Qg6 13.Qf3 Bb4 14.Rfd1 Bxc3 15.bxc3 h6
16.d5 Ne5 17.Qe2 hxg5 18.Bxa7 Qf5 19.Rab1 Ne4 20.Bd4 g4 21.Qb2 b6 22.Qa3 gxh3
23.Bxb6 Nf3+ 24.Kf1 hxg2+ 25.Ke2 Ng3+ 26.fxg3 Qe4+ 27.Be3 g1=N+ 28.Kf1 Qxc4+
29.Kg2 Rh2+  0-1

[Event "POR-CHN m"]
[Site "?"]
[Date "1996.??.??"]
[Round "5"]
[White "Ye Jiangchuan"]
[Black "Antunes, Antonio"]
[Result "1-0"]
[WhiteElo "2560"]
[BlackElo "2545"]

1.e4 c5 2.Nf3 Nc6 3.d4 cxd4 4.Nxd4 g6 5.c4 Nf6 6.Nc3 d6 7.Be2 Nxd4 8.Qxd4 Bg7
9.Be3 O-O 10.Qd2 Be6 11.O-O a6 12.Rfc1 Rc8 13.b3 Nd7 14.Rab1 Nc5 15.f3 a5
16.Re1 Ra8 17.Bf1 Qd7 18.Rbd1 Rfc8 19.Bg5 Re8 20.Kh1 Qd8 21.Nd5 Qb6 22.Qf2 Bd7
23.Qh4 Bf8 24.Be3 Bg7 25.Qf2 Rec8 26.Bg5 Re8 27.Qh4 Bf8 28.Rc1 Bc6 29.Be3 Rec8
30.Qf2 Qd8 31.Nc3 Nd7 32.Nd5 Bg7 33.Bg5 Bxd5 34.exd5 Bf6 35.Be3 Qf8 36.Qd2 Nc5
37.Bh6 Qd8 38.g4 Qd7 39.Re3 Re8 40.Rce1 b6 41.Bh3 Bh8 42.f4 Qb7 43.Bg2 Qd7
44.g5 Ra7 45.Bh3 Qb7 46.f5 Be5 47.Qe2 Qb8 48.Rf1 Bg7 49.Bxg7 Kxg7 50.Ref3 Rf8
51.Qb2+ Kg8 52.fxg6 hxg6 53.Be6 Nxe6 54.dxe6 Qa8 55.Kg1 f6 56.Qc2 Kg7 57.Qf2 Qd8
58.Qh4 Rh8 59.Qd4 Rh5 60.h4 Rc7 61.gxf6+ exf6 62.Rxf6 Re5 63.Qf4 b5 64.Rf8  1-0

[Event "POR-CHN m"]
[Site "?"]
[Date "1996.??.??"]
[Round "6"]
[White "Silva, Fernando"]
[Black "Ye Jiangchuan"]
[Result "0-1"]
[WhiteElo "2365"]
[BlackElo "2560"]

1.c4 e5 2.Nc3 Nf6 3.g3 Nc6 4.Bg2 Bc5 5.d3 O-O 6.Nf3 d6 7.O-O a6 8.Bg5 h6
9.Bh4 Nd4 10.Bxf6 Qxf6 11.Ne4 Qe7 12.Nxc5 dxc5 13.Nxd4 cxd4 14.Qd2 a5 15.f4 c6
16.fxe5 Qxe5 17.Qf4 Qxe2 18.Qxd4 Be6 19.Rf2 Qh5 20.Qb6 Rab8 21.Re1 Rfd8 22.b3 Rxd3
23.Bxc6 Rd1 24.Ref1 Rxf1+ 25.Rxf1 a4 26.Bf3 Qe5 27.Rd1 g6 28.Qd4 Qf5 29.Bg2 Qc2
30.bxa4 Qxa4 31.Bd5 Rd8 32.Rd2 Qa5 33.h4 b5 34.Qf6 Qxd2 35.Qxd8+ Kg7 36.Qc7 Qc1+
37.Kh2 Qb2+ 38.Kg1 Qb1+ 39.Kh2 Qxa2+ 40.Kg1 Qa1+ 41.Kf2 Qb2+ 42.Kg1 Qd4+
43.Kh2 Bxd5  0-1

[Event "POR-CHN m"]
[Site "?"]
[Date "1996.??.??"]
[Round "7"]
[White "Ye Jiangchuan"]
[Black "Fernandes, Antonio"]
[Result "0-1"]
[WhiteElo "2560"]
[BlackElo "2380"]

1.e4 c5 2.Nf3 e6 3.d4 cxd4 4.Nxd4 Nf6 5.Nc3 Bb4 6.e5 Nd5 7.Qg4 Kf8 8.Bd2 d6
9.Nf3 Nc6 10.exd6 e5 11.Qe4 Nxc3 12.bxc3 Bxd6 13.Bc4 Qf6 14.Ng5 Bf5 15.Qd5 Bg6
16.Rb1 Qe7 17.O-O Rd8 18.Be3 h6 19.Nh3 Bxc2 20.Rb2 Bf5 21.Qf3 g6 22.g4 Bc8
23.Qg2 Kg7 24.Bd5 Bc5 25.c4 Bd4 26.Rb3 Qh4 27.f3 Rhe8 28.Nf2 Bxe3 29.Rxe3 Nb4
30.Rd1 Be6 31.Rxe5 Bxd5 32.Rxe8 Rxe8 33.cxd5 Nxd5 34.Ne4 Nf6 35.Ng3 Qg5 36.Qb2 b6
37.Kg2 Kg8 38.Rd6 Nd5 39.Ne4 Rxe4 40.Rxd5 Qxd5 41.fxe4 Qxe4+ 42.Kg3 Qe3+
43.Kg2 Qg5 44.Qe2 h5 45.h3 h4 46.Qd3 Qf4 47.Qd8+ Kg7 48.Qxh4 Qd2+ 49.Kf1 Qc1+
50.Kf2 Qb2+ 51.Kf3 Qf6+  0-1

[Event "POR-CHN m"]
[Site "?"]
[Date "1996.??.??"]
[Round "9"]
[White "Ye Jiangchuan"]
[Black "Galego, Luis"]
[Result "0-1"]
[WhiteElo "2560"]
[BlackElo "2445"]

1.e4 c5 2.Nf3 e6 3.c3 d5 4.exd5 exd5 5.d4 Nc6 6.Bb5 Bd6 7.O-O Ne7 8.dxc5 Bxc5
9.Nbd2 O-O 10.Nb3 Bd6 11.Bd3 h6 12.Nbd4 Bg4 13.Qa4 Qd7 14.Qc2 Rac8 15.a3 Bb8
16.Re1 Qd6 17.g3 Qf6 18.Be2 Rfe8 19.Bd3 Bxf3 20.Nxf3 Nf5 21.Bd2 g5 22.Kg2 g4
23.Ng1 Ne5 24.Qa4 h5 25.Bf4 a6 26.Rad1 b5 27.Qb3 Nh4+ 28.Kf1 Ba7 29.Qxd5 Nhg6
30.Qb7 Ra8 31.Qg2 Nxf4 32.gxf4 Qxf4 33.Qg3 Qf6 34.Nh3 Kf8 35.Qf4 Re6 36.Qe4 Nc6  0-1